| 000 | 00447nam a22001697a 4500 | ||
|---|---|---|---|
| 003 | OSt | ||
| 005 | 20260127062329.0 | ||
| 008 | 260127b |||||||| |||| 00| 0 eng d | ||
| 020 | _a978-1-4165-5918-4 | ||
| 040 |
_aDWCL-Main Lib _cOC |
||
| 082 | _afic. G822 2005 | ||
| 100 | _aGregory, Philippa | ||
| 245 | _aThe constant princess | ||
| 260 |
_aNew York : _bSimon & Schuster, _c c2005. |
||
| 300 |
_a497 p. : _c17 cm. |
||
| 942 |
_2ddc _cFIC. _mFic. _n0 |
||
| 999 |
_c7874 _d7874 |
||